书目信息 |
| 题名: |
人口论
|
|
| 作者: | 马尔萨斯 著 ;张玫玫 , 李硕 译 | |
| 分册: | ||
| 出版信息: | 长春 吉林出版集团股份有限公司 2019.01 |
|
| 页数: | 179页 | |
| 开本: | 24cm | |
| 丛书名: | 英语大书虫世界经典名译典藏书系 | |
| 单 册: | ||
| 中图分类: | H319.4 | |
| 科图分类: | ||
| 主题词: | 英语--ying yu--汉语--对照读物 , 人口学--ren kou xue | |
| 电子资源: | ||
| ISBN: | 978-7-5581-4316-8 | |
| 000 | 01341nam 2200337 450 | |
| 001 | 202019134808 | |
| 005 | 20191007123106.0 | |
| 010 | @a978-7-5581-4316-8@dCNY29.80 | |
| 100 | @a20191002d2019 em y0chiy50 ea | |
| 101 | 1 | @achi@aeng@ceng |
| 102 | @aCN@b220000 | |
| 105 | @ay z 000yy | |
| 106 | @ar | |
| 200 | 1 | @a人口论@Aren kou lun@f(英) 马尔萨斯著@g张玫玫, 李硕译 |
| 205 | @a第2版 | |
| 210 | @a长春@c吉林出版集团股份有限公司@d2019.01 | |
| 215 | @a179页@d24cm | |
| 225 | 2 | @a英语大书虫世界经典名译典藏书系@Aying yu da shu chong shi jie jing dian ming yi dian cang shu xi |
| 300 | @a英汉对照 | |
| 312 | @a英文题名取自封面 | |
| 330 | @a《人口论》讲述了人文社会科学元典是人类对于自身及其社会的深刻反思和研究, 不仅有对人类价值和精神的独特性、意外性、复杂性和创造性的情感性描述和目的性表达, 也有对人类文化和社会的类型、模式、变迁、机制及其多样性的事实揭示、因果说明和理想设计。 | |
| 410 | 0 | @12001 @a英语大书虫世界经典名译典藏书系 |
| 500 | 10 | @aEssay on the principle of population@mChinese |
| 606 | 0 | @a英语@Aying yu@x汉语@j对照读物 |
| 606 | 0 | @a人口学@Aren kou xue |
| 690 | @aH319.4@v5 | |
| 701 | 1 | @a马尔萨斯@Ama er sa si@g(Malthus,Thomas Robert),@f1766-1834@4著 |
| 702 | 0 | @a张玫玫@Azhang mei mei@4译 |
| 702 | 0 | @a李硕@Ali shuo@4译 |
| 801 | 0 | @aCN@c20190905 |
| 905 | @a河南城建学院图书馆@dH319.4@eM047=2 | |
| 人口论/(英) 马尔萨斯著/张玫玫, 李硕译.-第2版.-长春:吉林出版集团股份有限公司,2019.01 |
| 179页;24cm.-(英语大书虫世界经典名译典藏书系) |
| 英汉对照 |
| ISBN 978-7-5581-4316-8:CNY29.80 |
| 《人口论》讲述了人文社会科学元典是人类对于自身及其社会的深刻反思和研究, 不仅有对人类价值和精神的独特性、意外性、复杂性和创造性的情感性描述和目的性表达, 也有对人类文化和社会的类型、模式、变迁、机制及其多样性的事实揭示、因果说明和理想设计。 |
| ● |
| 相关链接 |
|
|
|
正题名:人口论
索取号:H319.4/M047=2
 
预约/预借
| 序号 | 登录号 | 条形码 | 馆藏地/架位号 | 状态 | 备注 |
| 1 | 1442952 | 214429527 | 语言库209/209语言库 47排1列3层/ [索取号:H319.4/M047=2] | 在馆 | |
| 2 | 1442953 | 214429536 | 语言库209/209语言库 47排1列3层/ [索取号:H319.4/M047=2] | 在馆 |